00310nam a22001217a 450000500170000000800410001704100120005808200130007010000120008324500450009530000230014065000250016320240827143008.0240827b |||||||| |||| 00| 0 eng d aEnglish a349 LAW  lEnglish aThe Laws of the Republic of Namibia 2003 b25 pages;c30 cm.  aLegal practice bLaw